01106nam a22002531 450000100060000000300080000600500170001400800390003103500190007004000360008904100080012508200260013324502260015926000530038530000350043849000770047350400390055065000430058983000110063270000190064371000540066271000300071683001060074635162BD-RjUL20211209052254.0140521r19641963wiua b s101 0 eng a(BD-RjUL)35256 aDLC/ICUcICUdDLCdBD-RjULbeng aeng00a620.0015199bMAS 196410aStatistical theory of reliability :bproceedings of an advanced seminar conducted by the Mathematics Research Center, United States Army, at the University of Wisconsin, Madison, May 8-10, 1962 /cEdited by Marvin Zelen, aMadison :bUniversity of Wisconsin Press,c1963. axvii, 166 p. :bill. ;c25 cm.1 aU.S. Army. Mathematics Research Center, Madison, Wis. Publicationvno. 9 aIncludes bibliographies and index. 0aReliability (Engineering)xCongresses. 0vno. 9. aZelen, Marvin,2 aMathematics Research Center (United States. Army)2 a University of Wisconsin. 0aPublication ... of the Mathematics Research Center, United States Army, the University of Wisconsin ;